00475 2200181 4500001002100000008004100021035002000062245005900082100000900141260003900150300001200189020001800201084001400219082000800233650001200241990001900253990002100272INLIS000000000001038 ind  a0010-0724001038 aPeta, Denah, Dan EkosistembDenah, Dan EkosistemcNeno aNeno aJakarta :bGading inti primac2010 a60 hlm. a0-7496-4216-5 a577 NEN P a577 aEkologi aP29/CP/24/1038 aP29/CP/24/1038.1